Metodologia de la Programación: Aplicaciones en Basic Cobol y Pascal / Eduardo Alcalde, García Miguel (Registro nro. 11959)

Detalles MARC
000 -LÍDER
fixed length control field 00556nam a2200157 4500
008 - ELEMENTOS DE LONGITUD FIJA -- INFORMACIÓN GENERAL
fixed length control field 0 1987 0a 000 0ESP
020 ## - NÚMERO INTERNACIONAL NORMALIZADO PARA LIBROS
ISBN 84-7615-178-0
050 ## - SIGNATURA TOPOGRAFICA DE LA BIBLIOTECA DEL CONGRESO (LC)
Número de Clasificación QA76.6 A346
082 ## - NUMERO DE CLASIFICACION DECIMAL DEWEY
Número de Clasificación 001.642 A665m
100 ## - ASIENTO PRINCIPAL--NOMBRE PERSONAL
Nombre personal Alcalde, Eduardo
245 ## - TÍTULO
Título Metodologia de la Programación: Aplicaciones en Basic Cobol y Pascal / Eduardo Alcalde, García Miguel
260 ## - PUBLICACIÓN, DISTRIBUCIÓN, ETC. (PIE DE IMPRENTA)
Lugar de publicación, distribución, etc. España: McGraw-Hill
300 ## - DESCRIPCIÓN FÍSICA
Extensión x, 314 p. / 28 cm.
500 ## - NOTA GENERAL
Nota general Incluye prólogo, índice y bibliografia.
650 ## - ASIENTO SECUNDARIO DE MATERIA - TERMINO TEMÁTICO
Término temático o nombre geográfico como elemento de entrada 1. LENGUAJE DE PROGRAMACIÓN (COMPUTADORAS ELECTRICAS)
Existencias
No. biblioteca No. biblioteca Número de clasificación Código de barras/Número de adquisición Número de copia Tipo de material
LUIS G. INCLAN LUIS G. INCLAN 001.642 A665m 8618 1 Libros
Calzada Tecnológico # 27, Zacatepec, Morelos.
01(734) 343-07-23 / 343-21-10 / 343-21-11
Apdo. Postal 45 C.P 62780